[Event "Jurmala"]
[Site "Jurmala"]
[Date "1985.??.??"]
[Round "4"]
[White "Vitolinsh, Alvis"]
[Black "Inkiov, Ventzislav"]
[Result "1-0"]
[WhiteElo "2410"]
[BlackElo "2490"]

1.e4 c5 2.Nf3 d6 3.d4 cxd4 4.Nxd4 Nf6 5.Nc3 Nc6 6.Bg5 e6 7.Qd2 Be7 8.O-O-O O-O
9.Nb3 a5 10.a4 d5 11.Bb5 Nb4 12.Rhe1 dxe4 13.Nxe4 Nxe4 14.Qxd8 Bxg5+ 15.Qxg5 Nxg5
16.h4 e5 17.hxg5 Bf5 18.Rd2 Rfc8 19.c3 Be6 20.Na1 Rc5 21.Bd7 Nc6 22.Bxe6 fxe6
23.Re4 Rd5 24.Nc2 Rad8 25.Ree2 e4 26.g6 Ne5 27.gxh7+ Kxh7 28.Rd4 Nd3+ 29.Kb1 Nc5
30.Ka2 Rf8 31.Ka3 Rdf5 32.b4 axb4+ 33.cxb4 Rxf2 34.Rdd2 Rxe2 35.Rxe2 Nd3
36.a5 Rc8 37.Ne1 Rc3+ 38.Ka4 Nxe1 39.Rxe1 e3 40.b5 Rd3 41.Kb4 e5 42.b6 Kg6
43.a6 bxa6 44.b7 Rd8 45.Ka5 Kf5 46.Rxe3 e4 47.Rc3 Rb8 48.Kxa6 Kf4 49.g3+ Ke5
50.Rc8 Rxb7 51.Kxb7 e3 52.Re8+ Kd4 53.Kc6 Kd3 54.Kd5 e2 55.g4  1-0

[Event "URS-ch sf"]
[Site "Kostroma"]
[Date "1985.??.??"]
[Round "3"]
[White "Kuporosov, Viktor"]
[Black "Khasin, Alexander"]
[Result "1/2-1/2"]
[WhiteElo "2355"]
[BlackElo "2420"]

1.e4 c5 2.Nf3 d6 3.d4 cxd4 4.Nxd4 Nf6 5.Nc3 Nc6 6.Bg5 e6 7.Qd2 a6 8.O-O-O h6
9.Be3 Nxd4 10.Qxd4 Qc7 11.f4 b5 12.Be2 Bb7 13.Bf3 Be7 14.g4 Nd7 15.h4 Qc5
16.Qd2 Qc7 17.Qd4 Qc5 18.Qd2 Qc7 19.Qd4 Qc5  1/2-1/2

[Event "URS-ch sf"]
[Site "Kostroma"]
[Date "1985.??.??"]
[Round "4"]
[White "Malisauskas, Vidmantas"]
[Black "Khasin, Alexander"]
[Result "1/2-1/2"]
[WhiteElo "2200"]
[BlackElo "2420"]

1.e4 c5 2.Nf3 Nc6 3.d4 cxd4 4.Nxd4 Nf6 5.Nc3 d6 6.Bg5 e6 7.Qd2 a6 8.O-O-O h6
9.Bf4 Bd7 10.Nxc6 Bxc6 11.Qe2 Qa5 12.Kb1 O-O-O 13.Bd2 Qc7 14.h4 d5 15.exd5 Nxd5
16.Nxd5 Rxd5 17.Bc3 Rxd1+ 18.Qxd1 Qf4 19.Qd4 Qxd4 20.Bxd4 f6 21.h5 Be7 22.Be2 Rd8
23.Be3 Bf8 24.Rg1 Kc7 25.g4 e5 26.Kc1 Be7 27.Rd1 Rxd1+ 28.Kxd1  1/2-1/2

[Event "URS-ch sf"]
[Site "Kostroma"]
[Date "1985.??.??"]
[Round "14"]
[White "Dolmatov, Sergey"]
[Black "Khasin, Alexander"]
[Result "1/2-1/2"]
[WhiteElo "2540"]
[BlackElo "2420"]

1.e4 c5 2.Nf3 d6 3.d4 cxd4 4.Nxd4 Nf6 5.Nc3 Nc6 6.Bg5 e6 7.Qd2 a6 8.O-O-O h6
9.Be3 Nxd4 10.Qxd4 Qc7 11.Be2 b5 12.f4 Bb7 13.Bf3 Be7 14.g4 Rc8 15.g5 hxg5
16.fxg5 Rh3 17.Bg2 Rxe3 18.gxf6 Rxc3 19.Qxc3 Qxc3 20.bxc3 gxf6  1/2-1/2

[Event "Lugano op"]
[Site "Lugano"]
[Date "1985.??.??"]
[Round "5"]
[White "Klinger, Josef"]
[Black "Kelecevic, Nedeljko"]
[Result "1-0"]
[WhiteElo "2495"]
[BlackElo "2350"]

1.e4 c5 2.Nf3 Nc6 3.d4 cxd4 4.Nxd4 Nf6 5.Nc3 d6 6.Bg5 e6 7.Qd2 a6 8.O-O-O h6
9.Bf4 Bd7 10.Nxc6 Bxc6 11.Qe1 Qa5 12.f3 O-O-O 13.Bc4 Qc7 14.Bb3 Be7 15.Ne2 e5
16.Bg3 Rhf8 17.Nc3 Kb8 18.Kb1 Bd7 19.Bf2 Be6 20.Qe3 Nd7 21.Qa7+ Kc8 22.Nd5 Bxd5
23.Bxd5 Nc5 24.b4 Na4 25.Rd3 Rd7 26.Ra3  1-0

[Event "WchT U26"]
[Site "Mendoza"]
[Date "1985.??.??"]
[Round "7"]
[White "Lobron, Eric"]
[Black "Yrjola, Jouni"]
[Result "1/2-1/2"]
[WhiteElo "2505"]
[BlackElo "2500"]

1.e4 c5 2.Nf3 d6 3.d4 cxd4 4.Nxd4 Nf6 5.Nc3 Nc6 6.Bg5 e6 7.Qd2 a6 8.O-O-O h6
9.Bf4 Bd7 10.Nxc6 Bxc6 11.Qe1 Be7 12.Kb1 Qc7 13.h4 b5 14.f3 O-O 15.Bd3 Rfc8
16.e5 dxe5 17.Bxe5 Qb6 18.Rh3 b4 19.Bxf6 Bxf6 20.Ne4 Be5 21.Nd2 Bf6 22.g4 Qc5
23.Ne4 Bxe4 24.Qxe4 Qe5 25.Qxe5 Bxe5 26.Re1 Bd4 27.f4 a5 28.g5 Rd8 29.Rf3 hxg5
30.fxg5 g6 31.h5 gxh5 32.g6 Ra7 33.Rg3 fxg6 34.Rxg6+ Rg7 35.Rgxe6 h4 36.Rh6 Rg4
37.a3 bxa3 38.bxa3 Rb8+ 39.Kc1 Bb2+ 40.Kd1 Bxa3 41.Ree6  1/2-1/2

[Event "URS-chI"]
[Site "Minsk"]
[Date "1985.??.??"]
[Round "5"]
[White "Kholmov, Ratmir D"]
[Black "Gulko, Boris F"]
[Result "1-0"]
[WhiteElo "2440"]
[BlackElo "2495"]

1.e4 c5 2.Nf3 Nc6 3.d4 cxd4 4.Nxd4 Nf6 5.Nc3 d6 6.Bg5 Qb6 7.Nb3 e6 8.Be2 a6
9.O-O Bd7 10.Kh1 Qc7 11.Bxf6 gxf6 12.f4 Rg8 13.Bh5 Rg7 14.Qe1 O-O-O 15.Rf3 Kb8
16.Rg3 Bc8 17.Rd1 Qe7 18.Qf2 f5 19.exf5 Qh4 20.Be2 e5 21.fxe5 Rxg3 22.Nd4 Nxd4
23.Rxd4 Qh6 24.Qxg3 Bxf5 25.Qf2 Qc1+ 26.Rd1 Qxb2 27.Qxf5 Qxc3 28.Qxf7 Qxc2
29.Bf3 d5 30.e6 Qc7 31.Bxd5 Qxf7 32.exf7 b5 33.g4 Ka7 34.Kg2 Kb6 35.Kf3 Rd6
36.g5 h6 37.h4 hxg5 38.hxg5 Rg6 39.Kf4 Be7 40.Re1  1-0

[Event "Moscow-B"]
[Site "Moscow"]
[Date "1985.??.??"]
[Round "?"]
[White "Tseshkovsky, Vitaly"]
[Black "Lerner, Konstantin Z"]
[Result "1/2-1/2"]
[WhiteElo "2470"]
[BlackElo "2520"]

1.e4 c5 2.Nf3 d6 3.d4 cxd4 4.Nxd4 Nf6 5.Nc3 Nc6 6.Bg5 e6 7.Qd2 a6 8.O-O-O h6
9.Be3 Be7 10.f3 Nxd4 11.Bxd4 b5 12.h4 Qa5 13.Qf2 Rb8 14.Kb1 b4 15.Ne2 e5
16.Ba7 Rb7 17.Nc1 Be6 18.Be3 d5 19.Nb3 Qa4 20.Bc5 O-O 21.Bxe7 Rxe7 22.g4 dxe4
23.g5 Nh5 24.fxe4 Rc7 25.gxh6 g6 26.Rg1 Nf4 27.h5 Qc6 28.Bd3 Bxb3 29.axb3 Kh7
30.hxg6+ fxg6 31.Bc4 Qf6 32.Qf3 a5 33.Qg4 Rd8 34.Rxd8 Qxd8 35.Rd1 Qe7 36.Qg1 Qf6
37.Rd2 Kxh6 38.Qd1 a4 39.Rd6 Qe7 40.Rd8 axb3 41.Bxb3 Qc5 42.Qh1+ Nh5 43.Rd5 Qe7
44.Qh2 Qf6 45.Qd2+ Nf4 46.Rb5 g5 47.Qxb4 g4 48.Rb6 Rc6 49.Rxc6 Qxc6 50.Qf8+ Kg5
51.Qf5+ Kh4 52.Qxe5 Qh6 53.Qd4 g3 54.e5 Kg5 55.Bd5 Nxd5 56.Qxd5 Qh2 57.e6+  1/2-1/2

[Event "New York op"]
[Site "New York"]
[Date "1985.??.??"]
[Round "1"]
[White "Micayabas, Marlo"]
[Black "Koren, Inna"]
[Result "1-0"]
[WhiteElo "2350"]
[BlackElo "1950"]

1.e4 c5 2.Nf3 Nc6 3.d4 cxd4 4.Nxd4 Nf6 5.Nc3 d6 6.Bg5 e6 7.Qd2 a6 8.O-O-O Bd7
9.f4 b5 10.Nxc6 Bxc6 11.Qe1 Qc7 12.Bxf6 gxf6 13.Nd5 Bxd5 14.exd5 e5 15.Bd3 Bh6
16.Kb1 Bxf4 17.Rf1 Qe7 18.Qc3 Kd8 19.Rxf4 exf4 20.Re1 Qf8 21.Qa5+  1-0

[Event "JUG-ch"]
[Site "Novi Sad"]
[Date "1985.??.??"]
[Round "?"]
[White "Marjanovic, Slavoljub"]
[Black "Damljanovic, Branko"]
[Result "1/2-1/2"]
[WhiteElo "2505"]
[BlackElo "2410"]

1.e4 c5 2.Nf3 Nc6 3.d4 cxd4 4.Nxd4 Nf6 5.Nc3 d6 6.Bg5 e6 7.Qd2 a6 8.O-O-O Bd7
9.Be2 b5 10.Nxc6 Bxc6 11.Qe3 Be7 12.e5 Nd5 13.Nxd5 Bxg5 14.f4 Bxd5 15.fxg5 O-O
16.Bf3 Bxf3 17.gxf3 d5 18.h4 Rc8 19.h5 Qe7 20.Rh2 Rc4 21.b3 Qc5 22.Qxc5 Rxc5
23.h6 Rc3 24.f4 Rf3 25.Rd4 a5 26.Kb2 Rc8 27.Rhd2 gxh6 28.gxh6 Kf8 29.R2d3 Rf2
30.Rd2 Rf3 31.R2d3 Rf2 32.Rd2 Rf3  1/2-1/2

[Event "NZD-ch"]
[Site "?"]
[Date "1985.??.??"]
[Round "?"]
[White "Cornford, Lindsay H"]
[Black "Ker, Anthony F"]
[Result "1/2-1/2"]
[WhiteElo "2220"]
[BlackElo "2200"]

1.e4 c5 2.Nf3 d6 3.d4 cxd4 4.Nxd4 Nf6 5.Nc3 Nc6 6.Bg5 e6 7.Qd2 a6 8.O-O-O Be7
9.f4 Qc7 10.Be2 Bd7 11.Rhe1 O-O-O 12.Nb3 Be8 13.Qe3 Kb8 14.e5 dxe5 15.fxe5 Nd7
16.Bxe7 Nxe7 17.Bd3 Ng6 18.Bxg6 hxg6 19.h3 Rh5 20.Nc5 Nxc5 21.Rxd8+ Qxd8
22.Qxc5 Bc6 23.Rd1 Qe8 24.Qd6+ Kc8 25.b3 Rh8 26.Qc5 Kb8 27.Rd2 Qc8 28.Nd1 Bd5
29.Qxc8+ Kxc8 30.Rf2 Rf8 31.Ne3 Kc7 32.Kd2 Kd7 33.c4 Bc6 34.Kc3 Ke7 35.a4 b6
36.Rd2 Rd8 37.Rxd8 Kxd8 38.Kd4 Kc7 39.h4 Bb7 40.g3 Kc6 41.b4 Kc7 42.c5 b5
43.axb5 axb5 44.Nc2 Bd5 45.Ne3 Bf3 46.Nf1 Bg2 47.Nd2 Bd5 48.Nb1 Kc6 49.Nc3 Bg2
50.Ke3 g5 51.hxg5 g6 52.Kd4 Bf3 53.Nb1 Bg2 54.Nd2 Bd5 55.Nf1 Bg2 56.Ne3 Bf3
57.Nc2 Bd5 58.Ne1 Bc4 59.Ng2 Be2 60.Nf4 Bf1 61.Ke3 Kd7 62.Kf2 Bc4 63.Ng2 Bd5
64.Ne3 Bc6 65.Ng4 Ke7 66.Ke3 Kd7 67.Kd3 Ke7 68.Ne3 Kd7 69.Ng4 Ke7 70.Nf6 Kd8
71.Kd4 Ke7 72.Ng8+ Kf8 73.Nh6 Ke7 74.Ke3 Ke8 75.Kf4 Ke7 76.Ng4 Kd7 77.Ne3 Ke7
78.Nc2 Kd7 79.Nd4 Kc7 80.Nb3 Kd7 81.Ke3 Kc7 82.Nd2 Kd7 83.Ne4 Bxe4 84.Kxe4  1/2-1/2

[Event "NZD-ch"]
[Site "?"]
[Date "1985.??.??"]
[Round "?"]
[White "Dowden, R Anthony"]
[Black "Cornford, Lindsay H"]
[Result "0-1"]
[WhiteElo "2220"]
[BlackElo "2220"]

1.e4 c5 2.Nf3 d6 3.Nc3 Nf6 4.d4 cxd4 5.Nxd4 Nc6 6.Bg5 Bd7 7.Nb3 Rc8 8.Bxf6 gxf6
9.Qh5 Rg8 10.f4 Nb4 11.O-O-O a6 12.Be2 Qb6 13.Kb1 Rxg2 14.f5 Qe3 15.Rd2 Qh6
16.Qf3 Rxh2 17.Rxh2 Qxh2 18.a3 Nc6 19.Bxa6 Qg1+ 20.Bf1 Ne5 21.Qd1 Qe3 22.Re2 Qf4
23.Nd5 Qh4 24.Re3 h5 25.Nb6 Rc7 26.Nd4 Bh6 27.Rh3 Qxe4 28.Rxh5 Bf8 29.Qd2 e6
30.Rh8 Ke7 31.Nb5 Bxb5 32.Bxb5 Nf3 33.Qh6 Qxc2+ 34.Ka2 Rc8 35.Nxc8+ Qxc8
36.Qe3 Ne5 37.Rh7 Qc2 38.Qb6 Qc8 39.Ba4 Nc4 40.Qb5 Ne5 41.fxe6 Qxe6+ 42.Bb3 Qd7
43.Qe2 d5 44.Qe3 Kd6 45.Qf4 Be7 46.Rxf7 Qg4 47.Qh2 Qf3 48.Rg7 b5 49.Rg3 Qe4
50.Rg2 Kc6 51.Re2 Qf3 52.Rf2 Qe4 53.Rf4 Qe3 54.Rh4 Nd3 55.Qc2+ Nc5 56.Rh7  0-1

[Event "Oslo"]
[Site "Oslo"]
[Date "1985.??.??"]
[Round "?"]
[White "Bator, Robert"]
[Black "Agdestein, Espen"]
[Result "1/2-1/2"]
[WhiteElo "2380"]
[BlackElo "2305"]

1.e4 c5 2.Nf3 Nc6 3.d4 cxd4 4.Nxd4 Nf6 5.Nc3 d6 6.Bg5 e6 7.Qd3 a6 8.O-O-O Qa5
9.f4 Bd7 10.Nb3 Qc7 11.Be2 Rc8 12.Bxf6 gxf6 13.Bh5 Be7 14.Qg3 Kf8 15.f5 b5
16.Rd2 b4 17.Ne2 e5 18.Kb1 a5 19.Rhd1 a4 20.Nc5 Be8 21.Nd3 Qb7 22.b3 Na7
23.Qe3 h6 24.Nxb4 Qxb4 25.Qxa7 axb3 26.axb3 Bc6 27.Qe3 Bxe4 28.Ng3 Bc6 29.Bf3 Qa3
30.Qc3 d5 31.Bxd5 Bb4 32.Bxc6 Bxc3 33.Rd8+ Rxd8 34.Rxd8+ Ke7 35.Rd7+ Kf8
36.Rd8+ Ke7  1/2-1/2

[Event "SVK-ch"]
[Site "Piestany"]
[Date "1985.??.??"]
[Round "1"]
[White "Gazik, Igor"]
[Black "Banas, Jan"]
[Result "1/2-1/2"]
[WhiteElo "2335"]
[BlackElo "2390"]

1.e4 c5 2.Nf3 d6 3.d4 cxd4 4.Nxd4 Nf6 5.Nc3 Nc6 6.Bg5 e6 7.Qd2 a6 8.O-O-O Bd7
9.f4 h6 10.Bh4 g5 11.fxg5 Ng4 12.Be2 Nge5 13.Nf3 Be7 14.Bg3 hxg5 15.h4 gxh4
16.Bf4 Qa5 17.Qe1 O-O-O 18.Nxh4 Rhg8  1/2-1/2

[Event "Nordic-chT"]
[Site "Pohja"]
[Date "1985.??.??"]
[Round "?"]
[White "Przewoznik, Jan"]
[Black "Heinbuch, Detlef"]
[Result "1-0"]
[WhiteElo "2405"]
[BlackElo "2360"]

1.e4 c5 2.Nf3 Nc6 3.d4 cxd4 4.Nxd4 Nf6 5.Nc3 d6 6.Bg5 e6 7.Qd2 a6 8.O-O-O Bd7
9.f4 Be7 10.Nf3 b5 11.Bxf6 Bxf6 12.Qxd6 Ra7 13.e5 Be7 14.Qd2 Qa5 15.Kb1 Bb4
16.Nd4 Bxc3 17.Qxc3 Qxc3 18.bxc3 Ke7 19.Nb3 Rc8 20.h4 Nb8 21.Rh3 Rac7 22.Kb2 Bc6
23.Nd4 Nd7 24.Rg3 g6 25.c4 b4 26.c3 bxc3+ 27.Rxc3 Nc5 28.Ka1 Be4 29.Nb3 Rd7
30.Rxd7+ Kxd7 31.Nxc5+ Rxc5 32.Ra3 Bb7 33.Kb2 Rc8 34.Rd3+ Kc7 35.Rd6 Bc6
36.Bd3 a5 37.g3 h5 38.Kc3 Rb8 39.Bc2 Rb6 40.Bb3 Rb8 41.Kd4 a4 42.Bd1 Rb2
43.Kc5 Bd7 44.a3 Ra2 45.Kb4 Rg2 46.Ra6 Rxg3 47.Ra7+ Kd8 48.Bxa4 Bxa4 49.Kxa4 Rg4
50.Rxf7 Rxh4 51.Kb5 Ke8 52.Rf6 Ke7 53.a4 Rh1 54.Rxg6 h4 55.Kc5 h3 56.Rg7+ Kd8
57.Rh7 h2 58.a5 Kc8 59.a6 Kb8 60.a7+ Ka8 61.Kc6 Rc1 62.Rxh2 Rxc4+ 63.Kd6 Rxf4
64.Ra2  1-0

[Event "Prague zt"]
[Site "Prague"]
[Date "1985.??.??"]
[Round "3"]
[White "Mokry, Karel"]
[Black "Csom, Istvan"]
[Result "1-0"]
[WhiteElo "2490"]
[BlackElo "2480"]

1.e4 c5 2.Nf3 d6 3.d4 cxd4 4.Nxd4 Nf6 5.Nc3 Nc6 6.Bg5 e6 7.Qd2 a6 8.O-O-O h6
9.Bf4 Bd7 10.Nxc6 Bxc6 11.Qe1 Qa5 12.f3 Rd8 13.h4 Be7 14.Kb1 Rd7 15.g4 b5
16.Bh3 g6 17.Rh2 g5 18.Bg3 b4 19.Ne2 Rc7 20.Nd4 Nd7 21.Bf1 gxh4 22.Bxh4 Bxh4
23.Rxh4 Qb6 24.Qd2 Ne5 25.Rh5 Bd7 26.g5 Ng6 27.Rxh6 a5 28.f4 Rg8 29.f5 Nf8
30.fxe6 Bxe6 31.Nb5 Rc6 32.Qf4 Ng6 33.Nxd6+ Kf8 34.Qh2 Qc7 35.Nf5 Qc8 36.Bb5 Rb6
37.Rxg6  1-0

[Event "Prague zt"]
[Site "Prague"]
[Date "1985.??.??"]
[Round "11"]
[White "Ghinda, Mihail Viorel"]
[Black "Csom, Istvan"]
[Result "0-1"]
[WhiteElo "2475"]
[BlackElo "2480"]

1.e4 c5 2.Nf3 d6 3.d4 cxd4 4.Nxd4 Nf6 5.Nc3 Nc6 6.Bg5 e6 7.Qd2 a6 8.O-O-O h6
9.Bf4 Bd7 10.Nxc6 Bxc6 11.Qe1 Nh5 12.Be3 Qc7 13.h4 Be7 14.f3 Nf6 15.Kb1 b5
16.Bd3 b4 17.Ne2 d5 18.e5 Nd7 19.Qg3 Qxe5 20.f4 Qd6 21.Qxg7 Bf6 22.Qg3 Bb7
23.Bd4 O-O-O 24.c3 bxc3 25.Rc1 Kb8 26.Rxc3 Rc8 27.Rhc1 Bxd4 28.Nxd4 Nc5 29.Qe3 Rhg8
30.g3 Ne4 31.Bxe4 dxe4 32.a3 Rxc3 33.Rxc3 Rd8 34.Rc4 Qd5 35.b3 f6 36.Qc3 Rd6
37.Kb2 e5 38.fxe5 fxe5 39.Nc2 Re6 40.Qe3 Rd6 41.Qc3 Qe6 42.Qb4 Qf6 43.a4 e3
44.Nxe3 Rd3 45.Rc3 Rxe3 46.Rxe3 Qf2+ 47.Ka3 Qxe3 48.Qd6+ Ka7 49.a5 h5 50.Qg6 Qc5+
51.Kb2 e4 52.g4 Qe5+ 53.Kb1 e3 54.Qb6+ Ka8 55.Qd8+ Qb8 56.Qe7 hxg4 57.Qxe3 g3
58.Qg5 g2 59.Kc2 Qf8 60.Kc3 Qf2  0-1

[Event "Reykjavik"]
[Site "Reykjavik"]
[Date "1985.??.??"]
[Round "2"]
[White "Van der Wiel, John TH"]
[Black "Arnason, Jon L"]
[Result "1/2-1/2"]
[WhiteElo "2500"]
[BlackElo "2495"]

1.e4 c5 2.Nf3 d6 3.d4 cxd4 4.Nxd4 Nf6 5.Nc3 Nc6 6.Bg5 e6 7.Qd2 Be7 8.O-O-O O-O
9.Nb3 a5 10.a3 h6 11.Bxf6 Bxf6 12.Qxd6 Bxc3 13.Qxd8 Bxb2+ 14.Kxb2 Rxd8 15.Rxd8+ Nxd8
16.Bb5 Kf8 17.Rd1 Ke7 18.Nc5 e5 19.Na4 Be6 20.Nb6 Rb8 21.c4 Nc6 22.Bxc6 bxc6
23.c5 Rf8 24.Rd6 f5 25.Rxc6 fxe4 26.Rc7+ Kd8 27.Rxg7 Rxf2+ 28.Kc3 Rf1 29.Kd2 Rf2+
30.Kc3 Rf1  1/2-1/2

[Event "Reykjavik"]
[Site "Reykjavik"]
[Date "1985.??.??"]
[Round "4"]
[White "Hjartarson, Johann"]
[Black "Van der Wiel, John TH"]
[Result "1-0"]
[WhiteElo "2530"]
[BlackElo "2500"]

1.e4 c5 2.Nf3 d6 3.d4 Nf6 4.Nc3 cxd4 5.Nxd4 Nc6 6.Bg5 e6 7.Qd2 Be7 8.O-O-O O-O
9.f4 h6 10.Bh4 e5 11.Nf5 Bxf5 12.exf5 exf4 13.Kb1 d5 14.Qxf4 d4 15.Bxf6 Bxf6
16.Ne4 Be5 17.Qf3 Rc8 18.a3 Kh8 19.g4 Na5 20.Bd3 Nc4 21.g5 Qb6 22.Bxc4 Rxc4
23.gxh6 Qxh6 24.Rhg1 Rfc8 25.Ng5 R4c7 26.Rde1 Bf6 27.h4 Kg8 28.Qe4 Rf8 29.Qf4 Rd7
30.Rg4 Kh8 31.Qg3 Kg8 32.Ne4 d3 33.cxd3 Bd4 34.f6 Bxf6 35.Nxf6+ Qxf6 36.Rg1 g6
37.h5 Qd6 38.hxg6 f5 39.g7 fxg4 40.gxf8=Q+ Kxf8 41.Qxg4 Qxd3+ 42.Ka1 Ke7
43.Qg5+ Kd6 44.Rc1 Qf3 45.Qg6+ Ke7 46.Re1+ Kd8 47.Qe8+ Kc7 48.Rc1+ Kd6 49.Qb8+ Kd5
50.Qxa7 Ke6 51.Re1+ Kf6 52.Qb6+ Kg7 53.Rg1+ Kf7 54.Qg6+ Ke7 55.Re1+ Kd8 56.Qb6+  1-0

[Event "Rostock"]
[Site "Rostock"]
[Date "1985.??.??"]
[Round "1"]
[White "Tischbierek, Raj"]
[Black "Bielczyk, Jacek"]
[Result "0-1"]
[WhiteElo "2460"]
[BlackElo "2370"]

1.e4 c5 2.Nf3 Nc6 3.d4 cxd4 4.Nxd4 Nf6 5.Nc3 d6 6.Bg5 e6 7.Qd2 a6 8.O-O-O Bd7
9.f4 h6 10.Bh4 b5 11.Bxf6 Qxf6 12.Bxb5 axb5 13.Ndxb5 Qd8 14.Nxd6+ Bxd6 15.Qxd6 Qe7
16.Nb5 Qxd6 17.Nxd6+ Ke7 18.a3 Ra4 19.c3 Rb8 20.Rhe1 Na5 21.Nxf7 Nc4 22.Ne5 Nxe5
23.fxe5 Bc6 24.g3 Rb5 25.Rd4 Rxd4 26.cxd4 Rb3 27.Re2 Rd3 28.Rd2 Re3 29.d5 exd5
30.exd5 Ba4 31.Rd4 Bb3 32.d6+ Kd7 33.Rb4 Rd3  0-1

[Event "Rostock"]
[Site "Rostock"]
[Date "1985.??.??"]
[Round "7"]
[White "Womacka, Mathias"]
[Black "Bielczyk, Jacek"]
[Result "1-0"]
[WhiteElo "2375"]
[BlackElo "2370"]

1.e4 c5 2.Nf3 Nc6 3.d4 cxd4 4.Nxd4 Nf6 5.Nc3 d6 6.Bg5 e6 7.Qd2 Be7 8.O-O-O O-O
9.f4 h6 10.Bh4 e5 11.Nf5 Bxf5 12.exf5 exf4 13.Kb1 d5 14.Bxf6 Bxf6 15.Nxd5 Be5
16.Bc4 Re8 17.f6 Bxf6 18.Qxf4 Be5 19.Qf2 Rf8 20.h4 b5 21.Bxb5 Rb8 22.c4 a6
23.Bxc6 Rxb2+ 24.Qxb2 Bxb2 25.Kxb2 Qb8+ 26.Kc2 Kh8 27.Nc3 Qb6 28.Bd5 Re8
29.h5 Qf2+ 30.Rd2 Qf5+ 31.Kb2 Re3 32.Re2 Rxe2+ 33.Nxe2 Qf2 34.Bf3 g5 35.hxg6 fxg6
36.Rxh6+ Kg7 37.Rh1 Qc5 38.Rc1 Qb4+ 39.Ka1 a5 40.Rc3 a4 41.a3 Qc5 42.Ka2 Kf6
43.Bd5 Ke5 44.Rc2 Qe3 45.Nc3 Kd4 46.Nxa4 g5 47.Nc3 g4 48.c5 Qd3 49.Be4 Qc4+
50.Kb2 Ke5 51.c6 g3 52.Bd5 Qc5 53.a4 Qa7 54.Bb3  1-0

[Event "Wch U20"]
[Site "Sharjah"]
[Date "1985.??.??"]
[Round "9"]
[White "Horvath, Csaba"]
[Black "Gunawan, Ronny"]
[Result "0-1"]
[WhiteElo "2330"]
[BlackElo "2440"]

1.e4 c5 2.Nf3 Nc6 3.d4 cxd4 4.Nxd4 Nf6 5.Nc3 d6 6.Bg5 e6 7.Qd2 Be7 8.O-O-O O-O
9.f4 h6 10.Bh4 e5 11.Nf5 Bxf5 12.exf5 exf4 13.Kb1 d5 14.Bxf6 Bxf6 15.Nxd5 Be5
16.Bc4 Qh4 17.Bb3 Rad8 18.g3 fxg3 19.hxg3 Qg4 20.f6 Rd6 21.Rdf1 Rfd8 22.a3 Bxf6
23.Rxf6 gxf6 24.Qxh6 Qg7 25.Qh5 Kf8 26.Rh4 Qg5 27.Qh8+ Qg8 28.Qh6+ Qg7 29.Qh5 Ne5
30.Ne3 Qg5 31.Nf5 Rd1+ 32.Ka2 Qxh5 33.Rxh5 Kg8 34.Ne3 Rg1 35.Rh3 Rd2 36.Bd5 b6
37.Kb3 Re1 38.Ng2 Ree2 39.Nf4 Re3+ 40.c3 Nd3 41.Nxd3 Rdxd3 42.Bc6 Rxg3 43.Rh2 Rd6
44.Be4 Re6 45.Bb7 f5 46.Rf2 Rf6 47.Ka4 Re3 48.c4 Kf8 49.Kb5 f4 50.Bf3 Rf5+
51.Ka6 Ra5+ 52.Kb7 Re7+ 53.Kb8 Re3 54.Bd5 f3 55.Rh2 Re2 56.Rh7 Rxd5  0-1

[Event "Tilburg"]
[Site "Tilburg"]
[Date "1985.??.??"]
[Round "?"]
[White "Huebner, Robert"]
[Black "Kortschnoj, Viktor"]
[Result "1/2-1/2"]
[WhiteElo "2620"]
[BlackElo "2630"]

1.e4 c5 2.Nf3 d6 3.d4 cxd4 4.Nxd4 Nf6 5.Nc3 Nc6 6.Bg5 e6 7.Qd2 Be7 8.O-O-O O-O
9.Nb3 a6 10.Bxf6 gxf6 11.f4 b5 12.f5 Kh8 13.Ne2 Rg8 14.Nf4 Bf8 15.Kb1 Bh6
16.fxe6 fxe6 17.Nxe6 Bxe6 18.Qxh6 Qe7 19.g3 Bg4 20.Rd2 Rg5 21.Rf2 Rf8 22.h3 Ne5
23.Bg2 Bd7 24.g4 Bxg4 25.hxg4 Nxg4 26.Qh4 Nxf2 27.Qxf2 f5 28.exf5 Rfxf5 29.Qd2 Qf6
30.Be4 Rf1+ 31.Rxf1 Qxf1+ 32.Nc1 Qf6 33.Bd3 h5 34.Qe3 d5 35.Qa7 Qh6 36.Qa8+ Kg7
37.Qb7+ Kh8 38.Qb8+ Kg7 39.Qc7+ Kh8 40.Qd8+ Kg7 41.Qe7+ Kh8 42.a4 h4 43.Qe8+  1/2-1/2

[Event "Trencianske Teplice"]
[Site "Trencianske Teplice"]
[Date "1985.??.??"]
[Round "1"]
[White "Prandstetter, Eduard"]
[Black "Ubilava, Elizbar"]
[Result "0-1"]
[WhiteElo "2450"]
[BlackElo "2485"]

1.e4 c5 2.Nf3 d6 3.d4 cxd4 4.Nxd4 Nf6 5.Nc3 Nc6 6.Bg5 e6 7.Qd2 a6 8.O-O-O h6
9.Bf4 Bd7 10.Nxc6 Bxc6 11.Qe3 Qc7 12.h3 e5 13.Bh2 Rc8 14.Bd3 Be7 15.Kb1 Bd7
16.f4 Qc5 17.Qd2 O-O 18.g4 exf4 19.Bxf4 Be6 20.Be3 Qe5 21.Rhg1 g5 22.Qf2 Rxc3
23.Bd4 Bxa2+ 24.Kc1 Rxc2+ 25.Bxc2 Qe6 26.Qf5 Rc8 27.Qxe6 Bxe6 28.Bxf6 Bxf6
29.Rxd6 Be5 30.Rd3 Rc5 31.Rg2 Rb5 32.Ba4 Rb4 33.Bd7 Bc4 34.Rf3 Bb3 35.Bf5 a5
36.Rd3 a4 37.Rd8+ Kg7 38.Rd7 Ba2 39.Rd3 Bf4+ 40.Kd1 Bc4 41.Rf3 Bb3+ 42.Ke1 Be5
43.Rd3 Bc4 44.Rdd2 Rb3 45.Bd7 b5 46.Bc6 Rxh3 47.Rg1 Bf4 48.Rdg2 Bh2 49.Rf1 Bg3+  0-1

[Event "Trencianske Teplice"]
[Site "Trencianske Teplice"]
[Date "1985.??.??"]
[Round "10"]
[White "Mokry, Karel"]
[Black "Ubilava, Elizbar"]
[Result "1/2-1/2"]
[WhiteElo "2455"]
[BlackElo "2485"]

1.e4 c5 2.Nf3 d6 3.d4 cxd4 4.Nxd4 Nf6 5.Nc3 Nc6 6.Bg5 Bd7 7.Qd2 Rc8 8.f4 h6
9.Bxf6 gxf6 10.Nf5 Qa5 11.Bd3 Nb4 12.Ne3 f5 13.Nxf5 Bxf5 14.exf5 Bg7 15.O-O Nxd3  1/2-1/2

[Event "SWE-ch"]
[Site "Uppsala"]
[Date "1985.??.??"]
[Round "?"]
[White "Hellers, Ferdinand"]
[Black "Schneider, Lars Ake"]
[Result "0-1"]
[WhiteElo "2200"]
[BlackElo "2425"]

1.e4 c5 2.Nf3 Nc6 3.d4 cxd4 4.Nxd4 Nf6 5.Nc3 d6 6.Bg5 e6 7.Qd2 a6 8.O-O-O Bd7
9.f4 Be7 10.Be2 Qc7 11.Nb3 O-O-O 12.Bxf6 gxf6 13.Bh5 Be8 14.f5 Kb8 15.Qh6 Ne5
16.Nd4 Bd7 17.Qe3 Qb6 18.Nce2 Qxb2+ 19.Kxb2 Nc4+ 20.Kb3 Nxe3 21.Rd3 Nxg2
22.Rg1 Nh4 23.Rh3 Ng6 24.fxg6 hxg6 25.Bg4 f5 26.exf5 gxf5 27.Bh5 e5 28.Rg7 f4
29.Bg4 Rxh3+ 30.Bxh3 Bxh3 31.Rxf7 exd4 32.Nxf4 Bg5 33.Nxh3 Be3 34.Nf2 Rh8
35.Ng4 Rh4 36.Rg7 Bf4 37.Kc4 Bxh2 38.Rg8+ Ka7 39.Kxd4 Bg1+ 40.Kc4 Bc5 41.Rg7 Rh3
42.c3 Rg3 43.a4 Rg1 44.a5 Ra1 45.Nf6 Ra4+ 46.Kb3 Rxa5 47.Ne4 d5 48.Nf6 d4
49.Ne4 dxc3 50.Kxc3 Ba3 51.Rf7 Re5 52.Kd3 a5 53.Nd2 Rd5+ 54.Kc2 Bb4 55.Nc4 Ka6
56.Rh7 b6 57.Rh6 Bc5 58.Nb2 Kb5 59.Kb3 Bd4  0-1

[Event "SWE-ch"]
[Site "Uppsala"]
[Date "1985.??.??"]
[Round "?"]
[White "Hammar, Bengt"]
[Black "Schneider, Lars Ake"]
[Result "0-1"]
[WhiteElo "2355"]
[BlackElo "2425"]

1.e4 c5 2.Nf3 Nc6 3.d4 cxd4 4.Nxd4 Nf6 5.Nc3 d6 6.Bg5 e6 7.Qd2 a6 8.O-O-O Bd7
9.f4 b5 10.Nxc6 Bxc6 11.Bd3 Be7 12.Rhe1 O-O 13.e5 dxe5 14.Qf2 h6 15.Bxf6 Bxf6
16.Be4 Qc7 17.Bxc6 Qxc6 18.Ne4 Be7 19.fxe5 Rad8 20.Qf4 Rd5 21.Kb1 Rc8 22.c3 Rcd8
23.Rc1 Qc7 24.Rf1 Rf8 25.Nf6+ Bxf6 26.exf6 Qxf4 27.Rxf4 g5 28.Rf2 Rc8 29.Re1 Kh7
30.g4 Kg6 31.Re4 Rc6 32.a4 Rc4 33.Rxc4 bxc4 34.Kc2 h5 35.gxh5+ Kxh5 36.b3 cxb3+
37.Kxb3 Rf5 38.Rc2 Kg6 39.c4 Kxf6 40.c5 Ke7 41.Kb4 Kd7 42.Ka5 Kc6 43.Kxa6 Rxc5
44.Rxc5+ Kxc5 45.a5 Kc6 46.Ka7 Kc7 47.a6 g4  0-1

[Event "SWE-ch"]
[Site "Uppsala"]
[Date "1985.??.??"]
[Round "?"]
[White "Ornstein, Axel"]
[Black "Schutz, Ingemar"]
[Result "1-0"]
[WhiteElo "2440"]
[BlackElo "2200"]

1.e4 c5 2.Nf3 d6 3.d4 cxd4 4.Nxd4 Nf6 5.Nc3 Nc6 6.Bg5 e6 7.Qd2 a6 8.O-O-O Bd7
9.f4 Be7 10.Nf3 b5 11.Bxf6 gxf6 12.Bd3 Qb6 13.Rhe1 Bf8 14.Kb1 O-O-O 15.Bf1 Kb8
16.Re3 Na5 17.b3 Rc8 18.Ne2 Bc6 19.Qd4 Qd8 20.e5 Bxf3 21.gxf3 fxe5 22.fxe5 Nc6
23.Qd2 Bh6 24.f4 dxe5 25.Rd3 Qb6 26.Rd7 Rhd8 27.Qd6+ Ka8 28.Bg2 Rxd7 29.Qxd7 Rc7
30.Qe8+ Kb7 31.Rd6 e4 32.Bxe4 Qc5 33.Rxc6 Rxc6 34.Nd4 Bxf4 35.Qxc6+ Qxc6
36.Nxc6 f5 37.Nd8+ Kb6 38.Nxe6 Bxh2 39.Bxf5 h5 40.c3 Be5 41.Kc2  1-0

[Event "Vestmannaeyjum"]
[Site "Vestmannaeyjum"]
[Date "1985.??.??"]
[Round "6"]
[White "Tisdall, Jonathan D"]
[Black "Sigurjonsson, Gudmundur"]
[Result "1/2-1/2"]
[WhiteElo "2420"]
[BlackElo "2485"]

1.e4 c5 2.Nf3 d6 3.d4 cxd4 4.Nxd4 Nf6 5.Nc3 Nc6 6.Bg5 e6 7.Qd2 a6 8.O-O-O h6
9.Bf4 Bd7 10.Nxc6 Bxc6 11.Qe1 Qc7 12.h4 Be7 13.Rh3 e5 14.Bh2 Rc8 15.Bd3 Bd7
16.Rg3 O-O 17.Qd2 Nh5 18.Nd5 Qd8 19.Re3 Bxh4 20.g3 Be7 21.Be2 Nf6 22.Nxe7+ Qxe7
23.Qxd6 Qe6 24.Qxe6 Bxe6 25.f3 h5 26.g4 Rc5 27.b4 Rc6 28.Bxe5 Rfc8 29.c3 hxg4
30.Kb2 gxf3 31.Bxf3 Ng4 32.Bxg4 Bxg4 33.Rg1  1/2-1/2

[Event "Vestmannaeyjum"]
[Site "Vestmannaeyjum"]
[Date "1985.??.??"]
[Round "8"]
[White "Arnason, Jon L"]
[Black "Sigurjonsson, Gudmundur"]
[Result "1/2-1/2"]
[WhiteElo "2495"]
[BlackElo "2485"]

1.e4 c5 2.Nf3 d6 3.d4 cxd4 4.Nxd4 Nf6 5.Nc3 Nc6 6.Bg5 e6 7.Qd2 a6 8.O-O-O h6
9.Be3 Be7 10.f3 Bd7 11.h4 b5 12.Nxc6 Bxc6 13.g4 d5 14.e5 Nd7 15.Bd4 Bxh4
16.f4 Be7 17.g5 h5 18.g6 fxg6 19.Bd3 Nf8 20.Qg2 Kd7 21.Rh3 Kc7 22.Bxg6 Nxg6
23.Qxg6 Rh6 24.Qxg7 Qf8 25.Rg1 Rh8 26.Bc5 Rg8 27.Qxf8 Rxg1+ 28.Bxg1  1/2-1/2